=LDR 00000nam 2200000 4500 =001 INLIS000000000047540 =005 20151228124154.0 =006 =007 =008 =020 ##$$a 978-979-571-104-9 =035 ##$$0010-121500000000081 =082 ##$$2 300.76 =090 ##$$a 300.76 Ips i =100 ##$$a aysin, Muhammad =245 ##$$a IPS Te5rpadu Untuk SMP Kelas VII =260 ##$$a Jakarta $b Ganeca $c 2013 =300 ##$$a 232 hlm $b Ilus $c 25 cm =990 ##$$a 0001/BPAP-NTB/2015